From the margins to the mainstream : institutionalising minorities in South Asia /

Bibliographic Details
Corporate Author: ebrary, Inc
Other Authors: Gorringe, Hugo, 1975- (Editor)
Format: eBook
Language:English
Published: Thousand Oaks : SAGE Publications India Pvt Ltd, 2016.
Subjects:
Online Access:Connect to the full text of this electronic book

MARC

Tag First Indicator Second Indicator Subfields
LEADER 00000cam a22000001i 4500
001 in00003615413
006 m |o d |
007 cr |n|||||||||
008 160309s2016 cau ob 001 0 eng d
005 20250816213541.9
020 |a 9789351506249 (electronic bk.) 
020 |a 935150624X (electronic bk.) 
020 |z 9789351506232 
020 |z 9351506231 
024 8 |a 40025839157 
035 |a (NhCcYBP)ebr11171001 
040 |a NhCcYBP  |c NhCcYBP  |d UtOrBLW 
043 |a az----- 
050 4 |a JQ98.A38  |b M543 2016 
082 0 4 |a 323.154  |2 23 
245 0 0 |a From the margins to the mainstream :  |b institutionalising minorities in South Asia /  |c edited by Hugo Gorringe, Roger Jeffery, and Suryakant Waghmore. 
264 1 |a Thousand Oaks :  |b SAGE Publications India Pvt Ltd,  |c 2016. 
300 |a 1 online resource. 
336 |a text  |b txt  |2 rdacontent 
337 |a computer  |b c  |2 rdamedia 
338 |a online resource  |b cr  |2 rdacarrier 
504 |a Includes bibliographical references and index. 
588 |a Description based on print version record. 
500 |a Electronic resource. 
650 0 |a Minorities  |x Political activity  |z South Asia. 
651 0 |a South Asia  |x Ethnic relations  |x Political aspects. 
651 0 |a South Asia  |x Politics and government.  |0 http://id.loc.gov/authorities/subjects/sh2008117020 
655 7 |a Electronic books.  |2 local 
700 1 |a Gorringe, Hugo,  |d 1975-  |e editor.  |0 http://id.loc.gov/authorities/names/n2004060299 
710 2 |a ebrary, Inc.  |0 http://id.loc.gov/authorities/names/no2007088509 
776 1 8 |c Original  |z 9789351506232  |z 9351506231  |w (DLC) 2015038688 
856 4 1 |u https://ebookcentral.proquest.com/lib/tamucs/detail.action?docID=4440178  |y Connect to the full text of this electronic book  |t 0 
955 |a YBP purchased approval e-records 
980 |b 97.50  |g 1 
987 |a ybp12876376 
999 f f |s 46c4c6ad-0828-3e6c-af50-952b6cf37528  |i 840cbd4d-d150-31bd-b51f-4511b0b30d92  |t 0 
952 f f |a Texas A&M University  |b College Station  |c Electronic Resources  |d Available Online  |t 0  |e JQ98.A38 M543 2016  |h Library of Congress classification 
998 f f |a JQ98.A38 M543 2016  |t 0  |l Available Online